[Event "XII. DBMM Schach"]
[Site "Berlin"]
[Date "2012.10.12"]
[Round "3.1"]
[White "Sokratov, Stanislav"]
[Black "Rabiega, Robert"]
[Result "0-1"]
[WhiteElo "2173"]
[BlackElo "2455"]
[Annotator "rg"]
[PlyCount "51"]
[EventDate "2012.??.??"]
[Source "FV Schach e.V."]
[SourceDate "2012.10.14"]
[WhiteTeam "SG Stern Stuttgart"]
[BlackTeam "SK Praesident Berlin"]
[WhiteTeamCountry "GER"]
[BlackTeamCountry "RUS"]

1. d4 d5 2. c4 dxc4 3. e3 e5 4. Bxc4 exd4 5. exd4 Nf6 6. Nf3 Be7 7. O-O O-O 8.
h3 Nbd7 9. Nc3 Nb6 10. Bb3 Nbd5 11. Bg5 Be6 12. Qd2 Nxc3 13. bxc3 Ne4 14. Bxe7
Nxd2 15. Bxd8 Nxf3+ 16. gxf3 Raxd8 17. Kg2 c5 18. dxc5 Rc8 19. Bxe6 fxe6 20.
Rab1 Rxc5 21. Rxb7 Rg5+ 22. Kh2 Rxf3 23. Rxa7 Rh5 24. Kg2 Rfxh3 25. c4 R3h4 26.
Rc7 {Notation nicht mehr entzifferbar} 0-1

[Event "XII. DBMM Schach"]
[Site "Berlin"]
[Date "2012.10.12"]
[Round "3.2"]
[White "Meister, Jakob"]
[Black "Kraemer, Sigfried"]
[Result "1-0"]
[WhiteElo "2414"]
[BlackElo "2146"]
[Annotator "rg"]
[PlyCount "123"]
[EventDate "2012.??.??"]
[Source "FV Schach e.V."]
[SourceDate "2012.10.14"]
[WhiteTeam "SK Praesident Berlin"]
[BlackTeam "SG Stern Stuttgart"]
[WhiteTeamCountry "RUS"]
[BlackTeamCountry "GER"]

1. e4 e6 2. d4 d5 3. Nc3 Nf6 4. Bg5 Be7 5. e5 Nfd7 6. Bxe7 Qxe7 7. Nb5 Nb6 8.
c3 a6 9. Na3 O-O 10. f4 N8d7 11. Nf3 c5 12. Bd3 f5 13. O-O cxd4 14. cxd4 Nb8
15. Nc2 Nc6 16. b3 Bd7 17. Qd2 Rac8 18. Rac1 Na8 19. Ne3 Qb4 20. Qb2 Na5 21.
Rxc8 Rxc8 22. Rc1 Rc6 23. Rxc6 Bxc6 24. Qd2 Qxd2 25. Nxd2 Bd7 26. g4 g6 27. h3
Nc7 28. Kf2 Nb5 29. Bxb5 Bxb5 30. Nc2 Kf7 31. Nb4 Ke7 32. Kg3 Be2 33. Nb1 Bb5
34. Nc3 Be8 35. Kh4 Kf7 36. Nd1 Bb5 37. Ne3 Bd7 38. Kg3 Bc6 39. h4 Bb5 40. Kf3
Bc6 41. h5 Bb5 42. h6 Bc6 43. Nf1 Bb5 44. Nh2 Ke7 45. Ke3 Bd7 46. Nf3 Kf8 47.
Ng5 Kg8 48. gxf5 gxf5 49. Kd2 Bc8 50. Kc3 Bd7 51. Nd3 b6 52. Nb4 Bc8 53. Kd2
Kh8 54. Ke3 Kg8 55. Kf2 Nb7 56. Nxa6 Nd8 57. Nc7 Nf7 58. Ngxe6 Nxh6 59. Nd8
Ng4+ 60. Kg3 Ne3 61. e6 Kf8 62. Nc6 1-0

[Event "XII. DBMM Schach"]
[Site "Berlin"]
[Date "2012.10.12"]
[Round "3.3"]
[White "Scharrer, Udo"]
[Black "Salov, Sergej"]
[Result "0-1"]
[WhiteElo "2039"]
[BlackElo "2332"]
[Annotator "rg"]
[PlyCount "86"]
[EventDate "2012.??.??"]
[Source "FV Schach e.V."]
[SourceDate "2012.10.14"]
[WhiteTeam "SG Stern Stuttgart"]
[BlackTeam "SK Praesident Berlin"]
[WhiteTeamCountry "GER"]
[BlackTeamCountry "RUS"]

1. d4 Nf6 2. c4 d6 3. Nc3 e5 4. Nf3 Nbd7 5. e4 g6 6. Be2 Bg7 7. O-O O-O 8. d5
Nc5 9. Nd2 a5 10. Qc2 Bh6 11. Nb3 Bxc1 12. Raxc1 Nxb3 13. Qxb3 Nd7 14. Na4 b6
15. Qc2 Nc5 16. Nc3 Bd7 17. b3 Qg5 18. Kh1 f5 19. f3 Rf7 20. Rcd1 Raf8 21. Qc1
h6 22. Qxg5 hxg5 23. h3 Kg7 24. Kh2 Rh8 25. Kg1 Rh4 26. Bd3 Rf8 27. Bc2 g4 28.
hxg4 fxg4 29. fxg4 Rfh8 30. Kf2 Rxg4 31. Rg1 Rf8+ 32. Ke1 Rg5 33. Rd2 Rg3 34.
Nb5 Bxb5 35. cxb5 Rf4 36. Re2 Rgg4 37. Rf1 Kf6 38. Rxf4+ exf4 39. Kf2 Ke5 40.
Re1 Rg3 41. Bb1 Rc3 42. Re2 g5 43. Re1 g4 0-1

[Event "XII. DBMM Schach"]
[Site "Berlin"]
[Date "2012.10.12"]
[Round "3.4"]
[White "Gruzman, Boris"]
[Black "Karthaus, Carsten"]
[Result "1/2-1/2"]
[WhiteElo "2164"]
[BlackElo "1965"]
[Annotator "rg"]
[PlyCount "84"]
[EventDate "2012.??.??"]
[Source "FV Schach e.V."]
[SourceDate "2012.10.14"]
[WhiteTeam "SK Praesident Berlin"]
[BlackTeam "SG Stern Stuttgart"]
[WhiteTeamCountry "RUS"]
[BlackTeamCountry "GER"]

1. e4 d5 2. exd5 Qxd5 3. Nc3 Qa5 4. d4 Nf6 5. Nf3 Bf5 6. Ne5 e6 7. Nc4 Qb4 8.
a3 Qe7 9. Bg5 Nbd7 10. Qf3 c6 11. O-O-O Bg4 12. Qxg4 Nxg4 13. Bxe7 Bxe7 14. Ne4
O-O 15. f3 Ndf6 16. Nxf6+ Nxf6 17. Na5 Rab8 18. c4 Rfc8 19. Nb3 Rd8 20. Kc2 Kf8
21. g3 b6 22. Bg2 c5 23. dxc5 Bxc5 24. Nxc5 bxc5 25. Rhe1 Ke7 26. Kc3 a5 27.
Bf1 Rb7 28. Rxd8 Kxd8 29. Bd3 h6 30. Bc2 Ke7 31. Ba4 Nd7 32. f4 Rb6 33. f5 Rd6
34. Bxd7 Kxd7 35. Re5 Rc6 36. fxe6+ fxe6 37. Re4 Kd6 38. Rf4 Ke7 39. Rf2 Rb6
40. Rf3 Rb8 41. Kc2 g5 42. Kc3 Rb6 1/2-1/2

[Event "XII. DBMM Schach"]
[Site "Berlin"]
[Date "2012.10.12"]
[Round "3.1"]
[White "Figura, Atila Gajo"]
[Black "Schulz, Michael"]
[Result "1/2-1/2"]
[WhiteElo "2322"]
[BlackElo "2239"]
[Annotator "rg"]
[PlyCount "56"]
[EventDate "2012.??.??"]
[Source "FV Schach e.V."]
[SourceDate "2012.10.14"]
[WhiteTeam "SV Senat Berlin"]
[BlackTeam "SV OSRAM Berlin"]
[WhiteTeamCountry "GER"]
[BlackTeamCountry "GER"]

1. Nf3 c5 2. c4 Nf6 3. Nc3 Nc6 4. e3 g6 5. d4 cxd4 6. exd4 d5 7. cxd5 Nxd5 8.
Qb3 Nxc3 9. Bc4 Nd5 10. Bxd5 e6 11. Bxc6+ bxc6 12. O-O Ba6 13. Re1 Qd5 {=} 14.
Qc3 Rb8 15. Bf4 Bb4 16. Qe3 Rb7 17. Rec1 O-O 18. a3 Be7 19. b4 Rd8 20. Be5 Bb5
21. h4 f6 22. Bg3 Ba4 23. Re1 Kf7 24. Re2 Bb5 25. Rc2 Ba4 26. Re2 Bb5 27. Rc2
Ba4 28. Rc3 Bf8 1/2-1/2

[Event "XII. DBMM Schach"]
[Site "Berlin"]
[Date "2012.10.12"]
[Round "3.2"]
[White "Hintze, Peter"]
[Black "Kalinitschew, Sergej"]
[Result "0-1"]
[WhiteElo "2076"]
[BlackElo "2387"]
[Annotator "rg"]
[PlyCount "34"]
[EventDate "2012.??.??"]
[Source "FV Schach e.V."]
[SourceDate "2012.10.14"]
[WhiteTeam "SV OSRAM Berlin"]
[BlackTeam "SV Senat Berlin"]
[WhiteTeamCountry "GER"]
[BlackTeamCountry "GER"]

1. e4 g6 2. d4 c6 3. Nf3 d5 4. Nc3 Bg7 5. e5 f6 6. Bd3 Bg4 7. exf6 Nxf6 8. h3
Bxf3 9. Qxf3 O-O 10. Qe2 Nh5 11. Qg4 Qd6 12. Ne2 e5 13. dxe5 Bxe5 14. O-O Nd7
15. Be3 Rae8 16. c4 Bxb2 17. Rab1 Ne5 0-1

[Event "XII. DBMM Schach"]
[Site "Berlin"]
[Date "2012.10.12"]
[Round "3.3"]
[White "Von Herman, Ulf"]
[Black "Rath, Alina"]
[Result "1-0"]
[WhiteElo "2317"]
[BlackElo "2023"]
[Annotator "rg"]
[PlyCount "63"]
[EventDate "2012.??.??"]
[Source "FV Schach e.V."]
[SourceDate "2012.10.14"]
[WhiteTeam "SV Senat Berlin"]
[BlackTeam "SV OSRAM Berlin"]
[WhiteTeamCountry "GER"]
[BlackTeamCountry "GER"]

1. c4 c5 2. Nf3 Nc6 3. Nc3 e5 4. e3 d6 5. d4 Bg4 6. d5 Nb8 7. h3 Bh5 8. Be2 f5
9. g4 fxg4 10. Nd2 Qh4 11. Bxg4 Bxg4 12. Qxg4 Qxg4 13. hxg4 Be7 14. Ke2 Nh6 15.
f3 a6 16. a3 Nd7 17. b4 cxb4 18. axb4 Rc8 19. Kd3 O-O 20. Nce4 Nb6 21. Ba3 Nf7
22. Rac1 Rc7 23. Rc2 Rfc8 24. Rhc1 Bf8 25. Ng3 g6 26. Nde4 Be7 27. Ne2 Nh6 28.
g5 Nf5 29. f4 Re8 30. Bb2 Bd8 31. fxe5 dxe5 32. Ng1 1-0

[Event "XII. DBMM Schach"]
[Site "Berlin"]
[Date "2012.10.12"]
[Round "3.4"]
[White "Rath, Oliver"]
[Black "Kachibadze, Georg"]
[Result "1/2-1/2"]
[WhiteElo "1939"]
[BlackElo "2298"]
[Annotator "rg"]
[PlyCount "64"]
[EventDate "2012.??.??"]
[Source "FV Schach e.V."]
[SourceDate "2012.10.14"]
[WhiteTeam "SV OSRAM Berlin"]
[BlackTeam "SV Senat Berlin"]
[WhiteTeamCountry "GER"]
[BlackTeamCountry "GER"]

1. c4 e6 2. Nc3 d5 3. d4 Nf6 4. Bg5 Be7 5. Nf3 O-O 6. e3 h6 7. Bh4 Ne4 8. Bxe7
Qxe7 9. cxd5 Nxc3 10. bxc3 exd5 11. Be2 Nc6 12. O-O Rd8 13. Qc2 Rd6 14. c4 dxc4
15. Bxc4 Rf6 16. Nd2 b6 17. Ne4 Rg6 18. Ng3 Kh8 19. Qe4 Qxe4 20. Nxe4 Kg8 21.
Rfc1 Bb7 22. Ng3 Ne7 23. Bd3 Rc6 24. Be4 Rxc1+ 25. Rxc1 Bxe4 26. Nxe4 Rc8 27.
Kf1 {=} Kf8 28. Ke2 Ke8 29. Kd3 Kd7 30. Nd2 Nd5 31. a3 h5 32. g3 f6 1/2-1/2

[Event "XII. DBMM Schach"]
[Site "Berlin"]
[Date "2012.10.12"]
[Round "3.1"]
[White "Segerberg, Tomas"]
[Black "Lubbe, Nikolas"]
[Result "0-1"]
[WhiteElo "2038"]
[BlackElo "2406"]
[Annotator "rg"]
[PlyCount "72"]
[EventDate "2012.??.??"]
[Source "FV Schach e.V."]
[SourceDate "2012.10.14"]
[WhiteTeam "Europ. Patentamt MUC"]
[BlackTeam "KPMG AG Frankfurt"]
[WhiteTeamCountry "GER"]
[BlackTeamCountry "GER"]

1. d4 Nf6 2. c4 c5 3. d5 e6 4. Nc3 exd5 5. cxd5 d6 6. Nf3 g6 7. Nd2 Nbd7 8. a4
Bg7 9. e4 O-O 10. Be2 a6 11. O-O Re8 12. Qc2 Rb8 13. Re1 h5 14. Nf1 Qe7 15. Bf4
Ne5 16. Bg5 Qc7 17. f4 Nh7 18. Bh4 Ng4 19. Bxg4 hxg4 20. f5 Bd4+ 21. Bf2 Nf6
22. fxg6 fxg6 23. Ng3 Be5 24. a5 Qh7 25. Na4 Kg7 26. Nf1 Rh8 27. g3 Bd7 28. Nb6
Bb5 29. Nc4 Bxc4 30. Qxc4 Rbf8 31. Qc2 Qh3 32. Ra3 Rf7 33. Re2 Nh7 34. Rd3 Ng5
35. b3 Nf3+ 36. Rxf3 gxf3 0-1

[Event "XII. DBMM Schach"]
[Site "Berlin"]
[Date "2012.10.12"]
[Round "3.2"]
[White "Ohme, Melanie"]
[Black "Domingo, Miguel"]
[Result "1-0"]
[WhiteElo "2337"]
[BlackElo "2184"]
[Annotator "rg"]
[PlyCount "119"]
[EventDate "2012.??.??"]
[Source "FV Schach e.V."]
[SourceDate "2012.10.14"]
[WhiteTeam "KPMG AG Frankfurt"]
[BlackTeam "Europ. Patentamt MUC"]
[WhiteTeamCountry "GER"]
[BlackTeamCountry "GER"]

1. e4 d5 2. exd5 Qxd5 3. Nc3 Qd6 4. g3 Nf6 5. Bg2 c6 6. d4 Bg4 7. Nf3 e6 8. a3
Be7 9. Bf4 Qd8 10. h3 Bh5 11. Qd2 Bxf3 12. Bxf3 Nbd7 13. Qd3 Nb6 14. O-O Bd6
15. Ne2 Bxf4 16. Nxf4 O-O 17. c4 Qc7 18. Rfe1 Rfe8 19. Qc3 Rad8 20. b4 h6 21.
a4 Rc8 22. Nd3 Red8 23. Ne5 Nbd7 24. Rad1 Nxe5 25. dxe5 Ne8 26. Be4 Rxd1 27.
Rxd1 Rd8 28. Rxd8 Qxd8 29. Kg2 g6 30. Qa3 Qb8 31. Qd3 Kf8 32. h4 Qc7 33. a5 b6
34. axb6 axb6 35. c5 b5 36. Bf3 Ke7 37. Qe4 Kd7 38. Qf4 Ke7 39. Qxh6 Qxe5 40.
Bxc6 Nc7 41. Qd2 Kf6 42. Qd6 Qxd6 43. cxd6 Na6 44. Bxb5 Nxb4 45. Kf3 e5 46. d7
Ke7 47. Ke4 f6 48. g4 Na2 49. Kd3 Nb4+ 50. Kc4 Nc2 51. h5 gxh5 52. gxh5 Nd4 53.
h6 Nf5 54. h7 Nd6+ 55. Kc5 Nf7 56. Bc4 Nh8 57. Kc6 Kd8 58. Be6 Ng6 59. Kd6 Nh8
60. Bf5 1-0

[Event "XII. DBMM Schach"]
[Site "Berlin"]
[Date "2012.10.12"]
[Round "3.3"]
[White "Heer, Stephan"]
[Black "Knickel, Aaron"]
[Result "1/2-1/2"]
[WhiteElo "2054"]
[BlackElo "2190"]
[Annotator "rg"]
[PlyCount "51"]
[EventDate "2012.??.??"]
[Source "FV Schach e.V."]
[SourceDate "2012.10.14"]
[WhiteTeam "Europ. Patentamt MUC"]
[BlackTeam "KPMG AG Frankfurt"]
[WhiteTeamCountry "GER"]
[BlackTeamCountry "GER"]

1. d4 d6 2. Nf3 g6 3. c4 Bg7 4. Nc3 Nd7 5. e4 e5 6. Bg5 Ngf6 7. Qd2 h6 8. Bh4
O-O 9. O-O-O Re8 10. Kb1 c6 11. d5 cxd5 12. cxd5 Nc5 13. Bd3 a5 14. Ne1 Rb8 15.
f3 Bd7 16. Bf2 Nxd3 17. Nxd3 b5 18. b4 {=} axb4 19. Nxb4 Ra8 20. Nc6 Qc8 21.
Rc1 Bxc6 22. dxc6 Ra6 23. Nxb5 Qb8 24. Qb2 Rc8 25. c7 Qb7 26. Rhd1 1/2-1/2

[Event "XII. DBMM Schach"]
[Site "Berlin"]
[Date "2012.10.12"]
[Round "3.4"]
[White "De Visser, Leon"]
[Black "Jachs, Walter"]
[Result "1/2-1/2"]
[WhiteElo "2146"]
[BlackElo "2066"]
[Annotator "rg"]
[PlyCount "39"]
[EventDate "2012.??.??"]
[Source "FV Schach e.V."]
[SourceDate "2012.10.14"]
[WhiteTeam "KPMG AG Frankfurt"]
[BlackTeam "Europ. Patentamt MUC"]
[WhiteTeamCountry "GER"]
[BlackTeamCountry "GER"]

1. c4 Nf6 2. g3 g6 3. Bg2 d5 4. cxd5 Nxd5 5. Nc3 Nxc3 6. bxc3 Bg7 7. Nf3 O-O 8.
O-O Nd7 9. Rb1 c6 10. Qc2 e5 11. d3 Re8 12. Be3 Qc7 13. Nd2 Nf6 14. c4 Bd7 15.
h3 b6 16. Rfc1 Rac8 17. c5 b5 18. Nb3 Be6 19. Bd2 Bd5 20. Bc3 1/2-1/2

[Event "XII. DBMM Schach"]
[Site "Berlin"]
[Date "2012.10.12"]
[Round "3.1"]
[White "Seger, Ruediger"]
[Black "Blum, Norbert"]
[Result "1/2-1/2"]
[WhiteElo "2390"]
[BlackElo "2016"]
[Annotator "rg"]
[PlyCount "99"]
[EventDate "2012.??.??"]
[Source "FV Schach e.V."]
[SourceDate "2012.10.14"]
[WhiteTeam "Deutsche Post Bonn"]
[BlackTeam "Sparkassenvers. Stuttgart"]
[WhiteTeamCountry "GER"]
[BlackTeamCountry "GER"]

1. e4 e6 2. d4 d5 3. Nd2 dxe4 4. Nxe4 Nd7 5. Nf3 Ngf6 6. Nxf6+ Nxf6 7. c3 c5 8.
Ne5 a6 9. Be3 Qc7 10. Qa4+ Nd7 11. Bb5 cxd4 12. Bxd7+ Bxd7 13. Qxd4 f6 14. Nxd7
Qxd7 15. Qxd7+ Kxd7 16. O-O-O+ Kc6 17. Rd4 b5 18. Rhd1 Be7 19. Rd7 Rhe8 20. Kc2
Bf8 21. b3 Rec8 22. f4 Rc7 23. R7d3 Rac8 24. g3 Bc5 25. Bxc5 Kxc5 26. Rd7 g5
27. b4+ Kb6 28. R1d6+ Rc6 29. Rxc6+ Kxc6 30. Rxh7 gxf4 31. gxf4 Kd5 32. Kd3 e5
33. fxe5 fxe5 34. Rd7+ Ke6 35. Ra7 Rc6 36. Ra8 Kf5 37. Rf8+ Kg4 38. Rf2 e4+ 39.
Kxe4 Rxc3 40. Rg2+ Kh5 41. Kd5 Ra3 42. Kc5 Rc3+ 43. Kb6 Ra3 44. Rd2 Kh4 45. Kb7
Kh5 46. Rd5+ Kh4 47. Rd6 Rxa2 48. Rxa6 Ra4 49. Kb6 Rxb4 50. Ra5 1/2-1/2

[Event "XII. DBMM Schach"]
[Site "Berlin"]
[Date "2012.10.12"]
[Round "3.2"]
[White "Marten, Gero"]
[Black "Stanetzek, Carsten"]
[Result "0-1"]
[WhiteElo "2032"]
[BlackElo "2245"]
[Annotator "rg"]
[PlyCount "106"]
[EventDate "2012.??.??"]
[Source "FV Schach e.V."]
[SourceDate "2012.10.14"]
[WhiteTeam "Sparkassenvers. Stuttgart"]
[BlackTeam "Deutsche Post Bonn"]
[WhiteTeamCountry "GER"]
[BlackTeamCountry "GER"]

1. d4 d5 2. c4 c6 3. cxd5 cxd5 4. Nc3 Nc6 5. Nf3 Nf6 6. Bf4 Bf5 7. e3 e6 8. Bb5
Bb4 9. Qa4 O-O 10. Bxc6 Bxc3+ 11. bxc3 bxc6 12. O-O Ne4 13. Rfc1 c5 14. c4 cxd4
15. Nxd4 Nc5 16. Qa3 Nd3 17. Bd6 Nxc1 18. Bxf8 Qxf8 19. Qxf8+ Kxf8 20. Rxc1 Rc8
21. c5 Bd3 22. Nb3 Ke7 23. f3 Rc6 24. Rc3 Bc4 25. Kf2 Ra6 26. Rc2 Ra3 27. Ke1
Kd7 28. Kd2 Kc6 29. Kc3 Bxb3 30. axb3 Kxc5 31. Kb2+ Kb4 32. Rc7 Rxb3+ 33. Kc2
Rxe3 34. Kd2 Ra3 35. Rxf7 Kc4 36. Rxg7 Ra2+ 37. Kc1 a5 38. Rxh7 Rxg2 39. h4 a4
40. Ra7 Kc3 41. Rc7+ Kd3 42. Ra7 Rg1+ 43. Kb2 Ke3 44. Re7 Rg6 45. Ra7 Kxf3 46.
Rxa4 e5 47. Kc2 d4 48. Ra3+ Ke2 49. Rh3 Rc6+ 50. Kb2 d3 51. h5 d2 52. Rh2+ Kd3
53. Rh1 e4 0-1

[Event "XII. DBMM Schach"]
[Site "Berlin"]
[Date "2012.10.12"]
[Round "3.3"]
[White "Dehmel, Jens"]
[Black "Lau, Peter"]
[Result "1/2-1/2"]
[WhiteElo "2064"]
[BlackElo "1785"]
[Annotator "rg"]
[PlyCount "70"]
[EventDate "2012.??.??"]
[Source "FV Schach e.V."]
[SourceDate "2012.10.14"]
[WhiteTeam "Deutsche Post Bonn"]
[BlackTeam "Sparkassenvers. Stuttgart"]
[WhiteTeamCountry "GER"]
[BlackTeamCountry "GER"]

1. d4 f5 2. g3 Nf6 3. Bg2 g6 4. Nf3 Bg7 5. O-O d6 6. c4 O-O 7. Nc3 Nc6 8. d5
Ne5 9. Qb3 Rb8 10. Rd1 Kh8 11. Be3 b6 12. Nxe5 dxe5 13. h3 Bd7 14. c5 Be8 15.
cxb6 cxb6 16. Qa3 Qd7 17. d6 e6 18. Qa6 e4 19. Bd4 Rf7 20. a4 Qc8 21. Qxc8 Rxc8
22. f3 exf3 23. Bxf3 Bc6 24. a5 Nd7 25. Bxg7+ Kxg7 26. Kf2 Kf6 27. Bxc6 Rxc6
28. Nb5 Ne5 29. a6 Rd7 30. Rac1 Rc5 31. Rxc5 bxc5 32. Rc1 c4 33. Ke3 Nf7 34.
Rxc4 Nxd6 35. Nxd6 Rxd6 1/2-1/2

[Event "XII. DBMM Schach"]
[Site "Berlin"]
[Date "2012.10.12"]
[Round "3.4"]
[White "Pachl, Manfred"]
[Black "Biedekoepper, Robert"]
[Result "0-1"]
[WhiteElo "1766"]
[BlackElo "2093"]
[Annotator "rg"]
[PlyCount "108"]
[EventDate "2012.??.??"]
[Source "FV Schach e.V."]
[SourceDate "2012.10.14"]
[WhiteTeam "Sparkassenvers. Stuttgart"]
[BlackTeam "Deutsche Post Bonn"]
[WhiteTeamCountry "GER"]
[BlackTeamCountry "GER"]

1. e4 c5 2. Nc3 Nc6 3. Nf3 g6 4. b3 Bg7 5. Bb2 e6 6. h3 Nge7 7. Na4 Nd4 8. Rb1
b6 9. Nxd4 cxd4 10. c3 Nc6 11. cxd4 Nxd4 12. Bd3 Bb7 13. O-O O-O 14. Nc3 f5 15.
exf5 gxf5 16. Nb5 Qg5 17. f3 Qf4 18. Nxd4 Bxd4+ 19. Kh1 Bc5 20. Qe1 Bd6 21. g3
Qxg3 22. Qxg3+ Bxg3 23. Kg2 Bf4 24. Bc3 Kf7 25. Kf2 Rg8 26. Rg1 Bh2 27. Rg2
Rxg2+ 28. Kxg2 Bd6 29. b4 Rg8+ 30. Kf2 Rg3 31. Be2 Rxh3 32. Rg1 Rh2+ 33. Kf1
Bf8 34. Be5 Rh3 35. Kf2 d6 36. Bc3 Bd5 37. a3 e5 38. Rg5 Kf6 39. Rg1 Rh2+ 40.
Kf1 Bh6 41. a4 Bf4 42. a5 h5 43. axb6 axb6 44. Rg2 Rh3 45. Kf2 h4 46. Rg1 Bg3+
47. Kf1 Rh2 48. Rg2 Rh1+ 49. Rg1 Rxg1+ 50. Kxg1 h3 51. d3 Kg5 52. Bd2+ Bf4 53.
Be1 e4 54. dxe4 fxe4 0-1

[Event "XII. DBMM Schach"]
[Site "Berlin"]
[Date "2012.10.12"]
[Round "3.1"]
[White "Hahlbohm, Matthias"]
[Black "Schnabel, Ralf"]
[Result "1/2-1/2"]
[WhiteElo "2002"]
[BlackElo "2226"]
[Annotator "rg"]
[PlyCount "250"]
[EventDate "2012.??.??"]
[Source "FV Schach e.V."]
[SourceDate "2012.10.14"]
[WhiteTeam "SV Senat Berlin III"]
[BlackTeam "SG Bund Berlin"]
[WhiteTeamCountry "GER"]
[BlackTeamCountry "GER"]

1. e4 Nf6 2. e5 Nd5 3. d4 d6 4. exd6 cxd6 5. Bc4 Nb6 6. Bb3 d5 7. h3 Nc6 8. c3
Bf5 9. Nf3 e6 10. O-O Be7 11. Re1 O-O 12. Nbd2 a5 13. Bc2 Bg6 14. Bxg6 hxg6 15.
Ne5 Nxe5 16. Rxe5 a4 17. a3 Ra6 18. Re2 Qc7 19. Nf3 Nc4 20. Ne5 Nxe5 21. Rxe5
Rc8 22. Qd3 Rb6 23. Re2 Qc4 24. Qxc4 Rxc4 25. Bf4 g5 26. Be3 Rb3 27. Rd1 Rc6
28. Bc1 Kf8 29. Rd3 f6 30. Rde3 Kf7 31. Kf1 Rbb6 32. Ke1 Ra6 33. Kd1 Bd8 34.
Rd3 Bc7 35. Kc2 Ra8 36. Rf3 Ke7 37. Rd3 Rc8 38. Bd2 Kd7 39. Bc1 Rh8 40. Bd2 Rh4
41. f3 Bf4 42. Be1 Rh8 43. Bf2 Ke7 44. Rd1 Rhc8 45. Rd3 Rb6 46. Be1 Rb3 47. Rd1
Rc6 48. Kb1 Kd7 49. Kc2 Rbb6 50. Rd3 Kc8 51. Rd1 Kb8 52. Rd3 Ka7 53. Rd1 Ka6
54. Bf2 Ka7 55. Be1 Kb8 56. Bf2 Kc8 57. Be1 Kd7 58. Rd3 Ra6 59. Rd1 b5 60. Kd3
Ra8 61. Bf2 Re8 62. Kc2 Bd6 63. Kb1 Rc4 64. Be1 Kc6 65. Red2 Bf4 66. Re2 Kd7
67. Rd3 Rh8 68. Rd1 Ke7 69. Bf2 Kf7 70. Rde1 Rc6 71. Rd1 Rh6 72. Kc2 Rc8 73.
Kb1 Ke7 74. Rde1 Rc6 75. Rd1 Kd7 76. Rde1 Rg6 77. Be3 Rh6 78. Bf2 Rh8 79. Rd1
Rcc8 80. Kc2 Rce8 81. Be1 Rh6 82. Bf2 Rg6 83. Be1 f5 84. Bd2 Bd6 85. Bc1 g4 86.
hxg4 fxg4 87. f4 Rf6 88. g3 Rh8 89. Bd2 Rh3 90. Be1 g5 91. fxg5 Rg6 92. Rd3
Rxg5 93. Rde3 Rg6 94. Kd3 Rf6 95. Kd2 Rh1 96. Rf2 Rxf2+ 97. Bxf2 Rb1 98. Kc2
Rf1 99. Re2 Ke7 100. Kd3 Kf6 101. Be1 Rf3+ 102. Re3 Kf5 103. Ke2 Rxe3+ 104.
Kxe3 e5 105. dxe5 Bc5+ 106. Kd3 Kxe5 107. Bd2 Ke6 108. Bf4 Kd7 109. Be5 Kc6
110. Bf4 Bg1 111. Be5 Bf2 112. Ke2 Ba7 113. Kd3 Bf2 114. Ke2 Bg1 115. Kd3 Bb6
116. Bf4 d4 117. cxd4 Kd5 118. Be3 Bc7 119. Bf2 Bd6 120. Be1 Be7 121. Bf2 Bf8
122. Be1 Bh6 123. Bf2 Bf8 124. Be1 Bd6 125. Bf2 Be7 1/2-1/2

[Event "XII. DBMM Schach"]
[Site "Berlin"]
[Date "2012.10.12"]
[Round "3.2"]
[White "Tyrtania, Maximilian"]
[Black "Witte, Manfred"]
[Result "1-0"]
[WhiteElo "2251"]
[BlackElo "1927"]
[Annotator "rg"]
[PlyCount "43"]
[EventDate "2012.??.??"]
[Source "FV Schach e.V."]
[SourceDate "2012.10.14"]
[WhiteTeam "SG Bund Berlin"]
[BlackTeam "SV Senat Berlin III"]
[WhiteTeamCountry "GER"]
[BlackTeamCountry "GER"]

1. d4 Nf6 2. c4 c5 3. d5 e6 4. Nc3 exd5 5. cxd5 d6 6. e4 g6 7. Nge2 Bg7 8. Ng3
O-O 9. Be2 a6 10. a4 h5 11. Bg5 Qc7 12. Qd2 Re8 13. O-O Nbd7 14. Rad1 Nh7 15.
Bh6 Bh8 16. f3 Ne5 17. h3 Qe7 18. f4 Nd7 19. e5 f5 20. Bxh5 Nxe5 21. fxe5 Qxe5
22. Bxg6 1-0

[Event "XII. DBMM Schach"]
[Site "Berlin"]
[Date "2012.10.12"]
[Round "3.3"]
[White "Kiesewetter, Peter"]
[Black "Koloss, Hans Joachim"]
[Result "1/2-1/2"]
[WhiteElo "1849"]
[BlackElo "1952"]
[Annotator "rg"]
[PlyCount "31"]
[EventDate "2012.??.??"]
[Source "FV Schach e.V."]
[SourceDate "2012.10.14"]
[WhiteTeam "SV Senat Berlin III"]
[BlackTeam "SG Bund Berlin"]
[WhiteTeamCountry "GER"]
[BlackTeamCountry "GER"]

1. Nf3 d5 2. d4 Nf6 3. Bf4 Bf5 4. e3 e6 5. c4 c6 6. Qb3 Qc8 7. Nc3 dxc4 8. Bxc4
Be7 9. h3 Nbd7 10. Rc1 Nb6 11. Be2 h6 12. Nb5 O-O 13. Nxa7 Rxa7 14. Qxb6 Rxa2
15. Bc4 Ra8 16. O-O 1/2-1/2

[Event "XII. DBMM Schach"]
[Site "Berlin"]
[Date "2012.10.12"]
[Round "3.4"]
[White "Haseloff, Harald"]
[Black "Getzuhn, Detlef"]
[Result "1-0"]
[WhiteElo "2145"]
[BlackElo "1778"]
[Annotator "rg"]
[PlyCount "163"]
[EventDate "2012.??.??"]
[Source "FV Schach e.V."]
[SourceDate "2012.10.14"]
[WhiteTeam "SG Bund Berlin"]
[BlackTeam "SV Senat Berlin III"]
[WhiteTeamCountry "GER"]
[BlackTeamCountry "GER"]

1. e4 e6 2. d4 d5 3. Nd2 c5 4. exd5 exd5 5. Bb5+ Nc6 6. Qe2+ Be6 7. Ngf3 a6 8.
Bxc6+ bxc6 9. dxc5 Bxc5 {=} 10. Nb3 Bd6 11. Bg5 Qd7 12. Nbd4 Ne7 13. Ne5 Qc7
14. Nxe6 fxe6 15. Bxe7 Bxe5 16. Ba3 Qa5+ 17. Kd1 Qc7 18. Re1 Bf6 19. Qxe6+ Kd8
20. c3 Qd7 21. Kc2 Re8 22. Qxe8+ Qxe8 23. Rxe8+ Kxe8 24. Bc5 Kd7 25. Re1 Rb8
26. Re2 Rb5 27. b4 Rb8 28. Kd3 Ra8 29. Bd4 Rf8 30. Bc5 Ra8 {=} 31. f4 a5 32. a3
axb4 33. axb4 Ra1 34. Rd2 Rf1 35. g3 Rf3+ 36. Be3 Bxc3 37. Kxc3 {=} Rxe3+ 38.
Rd3 Re2 39. Rd2 Re4 40. Rd4 Re8 41. b5 Rc8 42. bxc6+ Rxc6+ 43. Kd3 Kd6 44. Ra4
h5 45. Ra7 g6 46. Rg7 Kc5 47. Rg8 Re6 48. Rc8+ Kd6 49. Ra8 Kc5 50. Ra5+ Kc6 51.
Ra6+ Kd7 52. Rxe6 Kxe6 53. h3 Kf5 54. Ke3 d4+ 55. Kf3 d3 56. g4+ hxg4+ 57.
hxg4+ Ke6 58. Ke3 Kd6 59. Kxd3 Kd5 60. Ke3 Kd6 61. Kd4 Ke6 62. Kc5 Ke7 63. Kd5
Kf7 64. Ke5 Ke7 65. g5 Kf7 66. Kd6 Kf8 67. Ke6 Kg7 68. Ke7 Kg8 69. Kf6 Kh7 70.
Kf7 Kh8 71. Kxg6 Kg8 72. f5 Kf8 73. Kh7 Kf7 74. g6+ Kf6 75. g7 Kxf5 76. g8=Q
Ke5 77. Qc4 Kd6 78. Kg6 Ke5 79. Kg5 Kd6 80. Kf6 Kd7 81. Qc5 Ke8 82. Qc8# 1-0

[Event "XII. DBMM Schach"]
[Site "Berlin"]
[Date "2012.10.12"]
[Round "3.1"]
[White "Schuetze, Norman"]
[Black "Gottschalk, Jens"]
[Result "1-0"]
[WhiteElo "2255"]
[BlackElo "2269"]
[Annotator "rg"]
[PlyCount "91"]
[EventDate "2012.??.??"]
[Source "FV Schach e.V."]
[SourceDate "2012.10.14"]
[WhiteTeam "Emco GmbH Leipzig"]
[BlackTeam "R+V Vers. Wiesbaden"]
[WhiteTeamCountry "GER"]
[BlackTeamCountry "GER"]

1. d4 Nf6 2. c4 c5 3. d5 b5 4. cxb5 a6 5. bxa6 g6 6. Nc3 Bxa6 7. Nf3 d6 8. e4
Bxf1 9. Kxf1 Nbd7 10. g3 Bg7 11. Kg2 O-O 12. a4 Qb6 13. Qe2 Rfb8 14. Bd2 Ng4
15. Rhb1 Nge5 16. Nxe5 Nxe5 17. Nb5 e6 18. dxe6 fxe6 19. Bc3 Qc6 20. Rd1 Rd8
21. b3 Rd7 22. Rac1 Re8 23. Bxe5 Bxe5 24. b4 Rc8 25. Qc4 Kf7 26. Rc2 Ke7 27. f4
Bg7 28. bxc5 Qxc5 29. Qxc5 dxc5 30. Rxd7+ Kxd7 31. e5 Bf8 32. Rd2+ Ke8 33. Kf3
c4 34. Ke2 Bb4 35. Nd6+ Bxd6 36. Rxd6 Ra8 37. Rxe6+ Kf7 38. Rc6 Rxa4 39. g4
Ra2+ 40. Ke3 Rxh2 41. f5 gxf5 42. gxf5 Ke7 43. f6+ Kf7 44. Rc7+ Kg6 45. Rg7+
Kh6 46. Rg1 1-0